00473nam a22001697a 450000500170000001000150001702000270003203500140005903700130007308200060008610000180009224500860011025000060019626000350020227000450023730000210028220220721151313.0 aENG-133807 a9781615993932c1174.00 aEN-117339 bDBAD/PUB aS aDominic, K.V. aSanchita karma and other tales of ethics and choice from India /cby K.V. Dominic a  aMIbModern History Pressc2018 a5145 Pontiac Trail, Ann ArborbMIe48105 a130p.c23cm(pbk)